Normal view
MARC view
Entry Personal Name
001 - CONTROL NUMBER
- control field: 52203
003 - CONTROL NUMBER IDENTIFIER
- control field: OSt
005 - DATE AND TIME OF LATEST TRANSACTION
- control field: 20250422104506.0
008 - FIXED-LENGTH DATA ELEMENTS
- fixed length control field: 250422|| aca||aabn | a|a d
040 ## - CATALOGING SOURCE
- Original cataloging agency: OSt
- Transcribing agency: OSt
100 ## - HEADING--PERSONAL NAME
- Personal name: Chishti, R.T.A. Kapur
670 ## - SOURCE DATA FOUND
- Source citation: Work cat.: (OSt)526048: Chishti, R.T.A. Kapur , Vibrant world of weaves regional diversity in Indian weaving
